000 03461nam a22003257a 4500
003 OSt
005 20260204163844.0
007 a
008 260129b |||||||| |||| 00| 0 eng d
020 _a9780357660331
040 _aFoundation University
_beng
_cFoundation University
_dFULib
_erda
050 _aJA 81
_b.2024 T36
100 _aTannenbaum, Donald G.
_eauthor
_914498
245 0 0 _aInventors of ideas :
_bintroduction to political thought /
_cDonald G. Tannembaum with Briana L. McGinnis.
250 _a4th edition.
260 _aBoston, USA :
_bCengage Learning Inc.,
_c2024.
264 _42024.
300 _3resource
_axxiii, 546 pages
_b;
_c23 cm.
_fvolume
336 _2rdacontent
_atext
_btxt
337 _2rdamedia
_aunmediated
_bn
338 _2rdacarrier
_3resource
_avolume
_bnc
504 _aIncludes index.
520 _aInventors of Ideas is intended to help students see how political theory connects diverse aspects of human life in ways that may not be readily apparent. It is designed for those enrolled in first courses in political theory and for the faculty who teach them. It can be used in conjunction with primary sources but can also stand on its own as an introduction to political theory, as a component of an introduction to the study of political science, or as part of a course examining the scope and methods of the discipline. Whatever the specific course content, this text is intended to bean accessible, but substantial, introduction to the subject. The overall aim of the book is to offer guidance through the history of political thought, demonstrating how ideas have emerged, changed, and been contested over time. This volume both offers a picture of the history of ideas and traces the path by which the people of the twenty first century have arrived at the present moment in politics. It should enable students to develop their critical reading skills, providing them with the tools needed to recognize, evaluate, and challenge arguments that may not be made explicitly in political rhetoric. A political theory textbook need not be merely a channel for transmitting information from book to reader. A text can promote active learning that excites and engages students and illuminates connections between seemingly abstract ideas and their own life experiences. It can demonstrate that a firm grounding in normative theory is not a hindrance to understanding or pursuing practical politics. On the contrary, for any well-educated politician or political scientist, theory and practice must work together, as Aristotle (Chapter 3) observed many centuries ago. This book has been written at a reading level that respects the "inventors of ideas” but makes them accessible to an audience with varied interests and backgrounds. No previous preparation in political theory is necessary. As such, any specialized names, terms, and concepts are identified and contextualized in the text. Additionally, more detailed definitions are provided in the glossary. -- Preface
650 _2LC
_aIdeology
_914499
650 _2LC
_aPolitical science
_vHistory
_914500
658 _aPolitical Science, Master of Arts in :
_bContemporary Political Thought ;
_cPOL326
700 _aMcGinnis, Briana L.
_914501
856 _uhttps://drive.google.com/file/d/1l6-XvfpG1ONMACCWC9iBxsph3SLWl2-d/view?usp=sharing
_yClick here to view the table of content
942 _2lcc
_cBK
_e4th edition.
_hJA 81
_i.2024 T36
_k(CAS-PS)
_n0
999 _c5504
_d5504